000 00825nam a2200253 4500
001 44743
010 _a9789895664337
010 _a9789895663347
021 _b521105/24
021 _b521106/23
090 _a44743
100 _a20250306d2024 m y0pory50030103ba
101 0 _apor
102 _aPT
200 1 _aDa voz lírica do Alentejo
_econtributo para o estudo da literatura oral e tradicional do concelho de Reguengos de Monsaraz
_fLina Santos Mendonça
210 9 _aLisboa
_cEdições Colibri,
_d2024
215 _a2 v.
_cil.
_d23 cm
675 _a398.2
675 _a398.5/.9(=1:469.512)
_vBN
_zpor
675 _a821.134.3-91.09
_vBN
_zpor
700 1 _aMendon—ca,
_bLina Santos
801 0 _aPT
_bBN
_gRPC
856 4 1 _uhttp://rnod.bnportugal.gov.pt/ImagesBN/winlibimg.aspx?skey=&doc=2206975&img=206030&save=true
990 _cLIVROS